ბათუმის შოთა რუსთაველის სახელმწიფო უნივერსიტეტის ბიბლიოთეკა

თხზულებათა მრავალტომეული. ტ.1. სამას–სამასი.ამბავი კოლხი ასულისა, მკვლელობა ხობისწყლის პირას (ბიბ.ჩანაწერი № 43476)

000 -LEADER
fixed length control field 01152nam a2200229Ia 4500
001 - CONTROL NUMBER
control field 10207
003 - CONTROL NUMBER IDENTIFIER
control field GE_BSU
008 - FIXED-LENGTH DATA ELEMENTS--GENERAL INFORMATION
fixed length control field 181216s||||||||xx |||||||||||||| ||und||
040 ## - CATALOGING SOURCE
Transcribing agency GE_BSU
080 ## - UNIVERSAL DECIMAL CLASSIFICATION NUMBER
Universal Decimal Classification number 821.353.1+821.353.1-311.6+821.353.1-32
100 ## - MAIN ENTRY--PERSONAL NAME
Personal name სანიკიძე,ლევან
245 ## - TITLE STATEMENT
Title თხზულებათა მრავალტომეული. ტ.1. სამას–სამასი.ამბავი კოლხი ასულისა, მკვლელობა ხობისწყლის პირას
245 ## - TITLE STATEMENT
Statement of responsibility, etc. რედ.რევაზ დანელია,ავთანდილ მეგრელიშვილი
260 ## - PUBLICATION, DISTRIBUTION, ETC.
Place of publication, distribution, etc. თბილისი
260 ## - PUBLICATION, DISTRIBUTION, ETC.
Name of publisher, distributor, etc. კიდევაც დაიზრდებიან
260 ## - PUBLICATION, DISTRIBUTION, ETC.
Date of publication, distribution, etc. 1991
300 ## - PHYSICAL DESCRIPTION
Extent 430გვ.20სმ.
653 ## - INDEX TERM--UNCONTROLLED
Uncontrolled term თხზულებათა მრავალტომეული
653 ## - INDEX TERM--UNCONTROLLED
Uncontrolled term სამას–სამასი.ამბავი კოლხი ასულისა, მკვლელობა ხობისწყლის პირას
942 ## - ADDED ENTRY ELEMENTS (KOHA)
Koha item type წიგნი
ეგზემპლარები
Withdrawn status Lost status Damaged status Not for loan Date acquired Barcode Date last seen Price effective from Koha item type
        2018-12-17 33811 2018-12-17 2018-12-17 წიგნი